LDR 01024naa#a2200181#i#450# 001 RU\\bibl\20255 005 20260701110329.3 100 ## _a20260630b2026####ek#y0rusy0150####ca 102 ## _aRU 200 1# _aМОДЕЛИРОВАНИЕ ПРОЦЕССА ГЕНЕРАЦИИ ТОВАРНЫХ ЗНАКОВ С ПРИМЕНЕНИЕМ НЕЙРОННЫХ СЕТЕЙ _eСтатья/тезисы конференции 210 1# _aВоронеж _cВоронежский государственный лесотехнический университет имени Г.Ф. Морозова _d2026 215 ## _a5 с. 608 ## _aСтатья/тезисы конференции _2local 675 ## _aИнформационные технологии. Компьютерные технологии. Теория вычислительных машин и систем. 004 _z 700 #1 _aПереславцев _gК. В. 700 #1 _aАнциферова _gВалентина Ивановна 700 #1 _aПташник _gР. О. 856 4# _abibl.vgltu.ru _u